<?xml version="1.0" encoding="UTF-8"?><?xml-stylesheet type="text/xsl" href="static/style.xsl"?><OAI-PMH xmlns="http://www.openarchives.org/OAI/2.0/" xmlns:xsi="http://www.w3.org/2001/XMLSchema-instance" xsi:schemaLocation="http://www.openarchives.org/OAI/2.0/ http://www.openarchives.org/OAI/2.0/OAI-PMH.xsd"><responseDate>2026-04-29T17:32:59Z</responseDate><request verb="GetRecord" identifier="oai:repisalud.isciii.es:20.500.12105/5296" metadataPrefix="marc">https://repisalud.isciii.es/rest/oai/request</request><GetRecord><record><header><identifier>oai:repisalud.isciii.es:20.500.12105/5296</identifier><datestamp>2025-04-02T09:01:37Z</datestamp><setSpec>com_20.500.12105_2203</setSpec><setSpec>com_20.500.12105_2202</setSpec><setSpec>col_20.500.12105_19585</setSpec></header><metadata><record xmlns="http://www.loc.gov/MARC21/slim" xmlns:dcterms="http://purl.org/dc/terms/" xmlns:doc="http://www.lyncode.com/xoai" xmlns:xsi="http://www.w3.org/2001/XMLSchema-instance" xsi:schemaLocation="http://www.loc.gov/MARC21/slim http://www.loc.gov/standards/marcxml/schema/MARC21slim.xsd">
   <leader>00925njm 22002777a 4500</leader>
   <datafield ind2=" " ind1=" " tag="042">
      <subfield code="a">dc</subfield>
   </datafield>
   <datafield ind2=" " ind1=" " tag="720">
      <subfield code="a">Instituto de Salud Carlos III. Gabinete de prensa</subfield>
      <subfield code="e">author</subfield>
   </datafield>
   <datafield ind2=" " ind1=" " tag="260">
      <subfield code="c">2007-01-25</subfield>
   </datafield>
   <datafield ind2=" " ind1=" " tag="520">
      <subfield code="a">Nota de prensa sobre incrementar el número de investigadores en el Sistema Nacional de Salud en el  El Instituto de Salud Carlos III.  Se destinan 15 millones de euros para multiplicar casi por tres el número de profesionales que simultanean la actividad investigadora y la atención sanitaria en el SNS. Se crea un fondo, dotado con 10 millones de euros, para favorecer la incorporación de investigadores en las Comunidades Autónomas con menos recursos en investigación biomédica y sanitaria. Se amplia la oferta de empleo promoviendo, por vez primera, la incentivación de contratación estable de técnicos de apoyo a la investigación por parte de las autonomías. Con estas actuaciones se persigue la estabilización contractual de 150 investigadores.</subfield>
   </datafield>
   <datafield ind1="8" ind2=" " tag="024">
      <subfield code="a">http://hdl.handle.net/20.500.12105/5296</subfield>
   </datafield>
   <datafield ind2="0" ind1="0" tag="245">
      <subfield code="a">El Instituto de Salud Carlos III, dependiente del Ministerio de Sanidad, destinará 38,5 millones de euros para incrementar el número de investigadores en el Sistema Nacional de Salud</subfield>
   </datafield>
</record></metadata></record></GetRecord></OAI-PMH>